UM Logo

Transcultural communication in health care / (Record no. 3971)

MARC details
000 -LEADER
fixed length control field 00708nam a22002057a 4500
008 - FIXED-LENGTH DATA ELEMENTS--GENERAL INFORMATION
fixed length control field 160820b xxu||||| |||| 00| 0 eng d
020 ## - INTERNATIONAL STANDARD BOOK NUMBER
International Standard Book Number 981-265-219-1
082 ## - DEWEY DECIMAL CLASSIFICATION NUMBER
Edition number 2005
Classification number DC 372.6
Item number L96t
100 ## - MAIN ENTRY--PERSONAL NAME
9 (RLIN) 13287
Personal name Luckmann, Joan.
245 ## - TITLE STATEMENT
Title Transcultural communication in health care /
Statement of responsibility, etc. Joan Luckmann ; contributing author, Sylvia Tindell Nobles.
260 ## - PUBLICATION, DISTRIBUTION, ETC. (IMPRINT)
Place of publication, distribution, etc. Africa:
Name of publisher, distributor, etc. Delmar Thompson Learning,
Date of publication, distribution, etc. c2005.
300 ## - PHYSICAL DESCRIPTION
Extent xvi, 320 pages;
Dimensions 23 cm.
500 ## - GENERAL NOTE
General note Includes appendix and index.
650 #0 - SUBJECT ADDED ENTRY--TOPICAL TERM
9 (RLIN) 13288
Topical term or geographic name as entry element Transcultural medical care.
650 #0 - SUBJECT ADDED ENTRY--TOPICAL TERM
9 (RLIN) 13289
Topical term or geographic name as entry element Health Personnel.
650 #0 - SUBJECT ADDED ENTRY--TOPICAL TERM
9 (RLIN) 13290
Topical term or geographic name as entry element Communication.
700 ## - ADDED ENTRY--PERSONAL NAME
9 (RLIN) 13291
Personal name Nobles, Sylvia Tindell.
365 ## - TRADE PRICE
Price amount 365.00
Currency code Php
942 ## - ADDED ENTRY ELEMENTS (KOHA)
Source of classification or shelving scheme Dewey Decimal Classification
Koha item type Circulation
Holdings
Withdrawn status Lost status Source of classification or shelving scheme Damaged status Not for loan Collection code Home library Current library Date acquired Source of acquisition Total Checkouts Full call number Barcode Date last seen Cost, replacement price Price effective from Koha item type
    Dewey Decimal Classification     Circulation UM Digos College - LIC UM Digos College - LIC 11/25/2005 Purchased   DC 372.6 L96t 2005 18359 05/15/2025 365.00 08/20/2016 Circulation